[Event "Baku"]
[Site "Baku"]
[Date "1997.??.??"]
[Round "4"]
[White "Gadjilu, Rauf"]
[Black "Karpatchev, Aleksandr"]
[Result "1-0"]
[WhiteElo "2290"]
[BlackElo "2390"]

1.Nf3 d5 2.g3 Nf6 3.Bg2 g6 4.O-O Bg7 5.d3 O-O 6.Nbd2 Nc6 7.e4 e5 8.c3 a6
9.exd5 Nxd5 10.a4 h6 11.Re1 Re8 12.Nc4 Bf5 13.Nh4 Be6 14.Nf3 Bf5 15.h3 g5
16.h4 g4 17.Nh2 h5 18.f3 Nf6 19.Ne3 Bxd3 20.fxg4 hxg4 21.Nexg4 Nxg4 22.Nxg4 Bg6
23.Qb3 Qd3 24.Re3 Qd7 25.Nf2 Rab8 26.Re1 Ne7 27.Bg5 Nf5 28.Rad1 Nd6 29.Ne4 Qe6
30.Qxe6 Rxe6 31.Nc5 Ree8 32.Nd7 Ra8 33.Nb6 Rab8 34.Nd5 Nc4 35.Nxc7 Rec8 36.Nd5 Nxb2
37.Rd2 Nd3 38.Re3 Nc5 39.Ne7+ Kh7 40.Nxc8 Rxc8 41.g4 f6 42.h5 Bf7 43.Bxf6 Bxf6
44.Rf2 Kg7 45.g5 Bxg5 46.Rg3 Ne6 47.Bd5 Rxc3 48.Rxc3 Nf4 49.Bxf7 Kxf7 50.Rb2  1-0

[Event "Barbera-B"]
[Site "Barbera"]
[Date "1997.??.??"]
[Round "2"]
[White "Ferrer, Martin"]
[Black "Salgado Allaria, Carlos"]
[Result "0-1"]
[WhiteElo "2280"]
[BlackElo "2205"]

1.Nf3 d5 2.g3 Nf6 3.Bg2 c6 4.O-O Bg4 5.d3 Nbd7 6.c3 e5 7.Qc2 Be7 8.b3 O-O
9.Bb2 Re8 10.Nbd2 a5 11.Rfe1 Bc5 12.a3 Bxf2+ 13.Kxf2 e4 14.dxe4 dxe4 15.Nc4 exf3
16.exf3 Be6 17.Ne3 Ne5 18.Rad1 Qb6 19.c4 Neg4+ 20.fxg4 Nxg4+ 21.Kf3 Nxh2+
22.Kf2 Ng4+ 23.Kf3 Nxe3 24.Rxe3 Bd5+ 25.cxd5 Qxe3+ 26.Kg4 cxd5 27.Bc1 Qe6+
28.Qf5 h5+ 29.Kf4 Qd6+ 30.Kf3 Re5 31.Qf4 g5 32.Qd4 Qf6+ 33.Bf4 gxf4 34.gxf4 Rf5
35.Bh3 Qxd4 36.Rxd4 Rf6 37.Rxd5 Rb6 38.Rd3 Kg7 39.Kg3 Kf6 40.Kh4 a4 41.b4 Rc6
42.Kxh5 Rg8  0-1

[Event "Barbera op"]
[Site "Barbera"]
[Date "1997.??.??"]
[Round "5"]
[White "Roeder, Mathias"]
[Black "Gual Pascual, Antonio"]
[Result "1-0"]
[WhiteElo "2460"]
[BlackElo "2420"]

1.Nf3 d5 2.g3 c6 3.Bg2 Bg4 4.b3 Nd7 5.Bb2 e6 6.O-O Ngf6 7.c4 Bd6 8.d4 O-O
9.Nc3 Qe7 10.Qc1 Rac8 11.Re1 b5 12.e4 dxe4 13.Nxe4 Nxe4 14.Rxe4 Bf5 15.Re3 h6
16.a4 bxc4 17.bxc4 Bh7 18.a5 Rfd8 19.a6 Qf8 20.c5 Bb8 21.Bc3 Nf6 22.Ba5 Nd5
23.Rb3 Rd7 24.Qe1 Qe8 25.Ne5 Bxe5 26.Qxe5 Bc2 27.Rb7 Bd3 28.Bf1 f6 29.Qd6 Rxd6
30.cxd6 Bxf1 31.d7 Bxa6 32.dxe8=Q+ Rxe8 33.Rxa7 Bb5 34.Bd2 Nb6 35.Rb7 Na4
36.Ra7 Nb6 37.Bb4 e5 38.Bc5 Nd5 39.Ra8 Rxa8 40.Rxa8+ Kf7 41.Ra7+ Kg8 42.dxe5 fxe5
43.Bd6  1-0

[Event "Barbera-A"]
[Site "Barbera"]
[Date "1997.??.??"]
[Round "6"]
[White "Ayas, Antonio"]
[Black "Campos, Jose Felix"]
[Result "1-0"]
[WhiteElo "2310"]
[BlackElo "2260"]

1.Nf3 d5 2.g3 Bg4 3.Bg2 Nd7 4.c4 e6 5.O-O Ngf6 6.b3 Bd6 7.Bb2 O-O 8.d3 Qe7
9.Nbd2 Ba3 10.Qc1 Bxb2 11.Qxb2 c6 12.h3 Bh5 13.g4 Bg6 14.Nh4 e5 15.Ndf3 e4
16.Nd4 Qe5 17.f4 exf3 18.Nhxf3 Qe3+ 19.Rf2 Ne5 20.Qd2 Nxf3+ 21.Nxf3 Qb6 22.Nh4 Rad8
23.Rf1 Rd7 24.Qc1 Re8 25.Kh1 Rde7 26.Bf3 Qc7 27.Ng2 Qg3 28.Nf4 Re3 29.Bg2 Qh4
30.Kg1 h5 31.cxd5 hxg4 32.dxc6 gxh3 33.cxb7 Ng4 34.Bxh3 Rxh3 35.Nxh3 Nxf2
36.Rxf2 Qg3+ 37.Rg2 Qxh3 38.Qf4 Qh5 39.b8=Q Qc5+ 40.Rf2 Rxb8 41.Qxb8+ Kh7
42.Qh2+ Kg8 43.Qf4 Bh5 44.d4 Qc2 45.e3 Qd1+ 46.Kh2 Bg6 47.Qf3 Qb1 48.Qa8+ Kh7
49.Qh1 Qd3 50.Qe1 Qb5 51.Rf4 Qd5 52.Rh4+ Kg8 53.Qg3 Qb5 54.Qh3 f6 55.Qc8+  1-0

[Event "Baunatal op"]
[Site "Baunatal"]
[Date "1997.??.??"]
[Round "5"]
[White "Gutman, Lev"]
[Black "Meijere, Agnese"]
[Result "1-0"]
[WhiteElo "2475"]
[BlackElo "2190"]

1.Nf3 d5 2.g3 c5 3.Bg2 e6 4.O-O Nc6 5.c4 Nf6 6.b3 Be7 7.Bb2 O-O 8.e3 Qb6
9.Na3 d4 10.exd4 cxd4 11.Qe2 Rd8 12.d3 Ne5 13.Nc2 a5 14.Na3 Bxa3 15.Bxa3 Qc7
16.Rfe1 Ned7 17.Ng5 e5 18.Nxf7 Kxf7 19.Bd5+  1-0

[Event "Regionalliga NO9798"]
[Site "Bayern"]
[Date "1997.??.??"]
[Round "?"]
[White "Schamberger, Alfons"]
[Black "Roeder, Gerd"]
[Result "0-1"]
[WhiteElo "2035"]
[BlackElo "2245"]

1.Nf3 d5 2.g3 c6 3.Bg2 Bg4 4.O-O Nd7 5.d3 Ngf6 6.Nbd2 e5 7.c4 Bd6 8.h3 Bh5
9.g4 Bg6 10.Nh4 Nxg4 11.Nxg6 hxg6 12.hxg4 Qh4 13.Nf3 Qxg4 14.e4 d4 15.Re1 f6
16.Kf1 g5 17.Ng1 Qe6 18.Qf3 g4 19.Qf5 Nc5 20.Rd1 a5 21.Ne2 Rh4 22.Ng3 Qf7
23.Bg5 fxg5 24.Qxg5 Be7 25.Qxe5 Qf6 26.Qf5 g6 27.Qxf6 Bxf6 28.Ke2 Kf7 29.Rh1 Rah8
30.b3 Ne6 31.Rxh4 Nf4+ 32.Kd2 Rxh4 33.Bf1 Bg5 34.Ke1 Be7 35.a3 Ke6 36.Be2 Kf6
37.Kd2 Rh2 38.Ke1 Kg5 39.Bf1 Bd6 40.Ra2 Be5 41.b4 Nh3 42.Ne2 Nxf2 43.Nc1 g3
44.bxa5 Bc7 45.a6 bxa6 46.a4 Ba5+ 47.Ke2 Kf4  0-1

[Event "Regionalliga NW9697"]
[Site "Bayern"]
[Date "1997.??.??"]
[Round "?"]
[White "Braun, Siegmund"]
[Black "Stauch, Frank"]
[Result "0-1"]
[WhiteElo "2005"]
[BlackElo "2075"]

1.Nf3 d5 2.g3 c5 3.Bg2 e6 4.O-O Nc6 5.d4 Nf6 6.c4 Be7 7.dxc5 O-O 8.a3 dxc4
9.Qc2 Qa5 10.Qxc4 Qxc5 11.Qxc5 Bxc5 12.b4 Be7 13.Bb2 Rd8 14.Nc3 Bd7 15.Rfd1 Be8
16.e3 Rxd1+ 17.Rxd1 Rd8 18.Rxd8 Bxd8 19.Nd2 Be7 20.Kf1 Bd7 21.Ke2 Kf8 22.h3 Ke8
23.Nde4 Nxe4 24.Nxe4 f6 25.h4 a5 26.Nc5 axb4 27.axb4 Bxc5 28.bxc5 Nd8 29.Be4 h6
30.Kd2 Bc6 31.Bd3 Ba4 32.Bg6+ Kd7 33.g4 e5 34.g5 hxg5 35.hxg5 Bb3 36.Kc3 Bd5
37.Kb4 fxg5 38.Bxe5 Nc6+ 39.Kc3 Nxe5 40.Bf5+ Kc6 41.f4 gxf4 42.exf4 Nd7  0-1

[Event "Regionalliga SO9697"]
[Site "Bayern"]
[Date "1997.??.??"]
[Round "?"]
[White "Kalwa, Johannes"]
[Black "Doerfler, Guenther"]
[Result "1/2-1/2"]
[WhiteElo "1980"]
[BlackElo "2040"]

1.Nf3 d5 2.g3 Nf6 3.Bg2 c6 4.O-O Bf5 5.d3 h6 6.Nbd2 e6 7.Re1 Be7 8.h3 O-O
9.Nh2 Bg6 10.e4 dxe4 11.dxe4 Na6 12.Qe2 Nc5 13.Ng4 Qc7 14.f4 Rfe8 15.Kh2 Nfd7
16.a4 h5 17.Nf2 h4 18.Nf1 hxg3+ 19.Nxg3 Nf6 20.Ng4 Ncd7 21.c3 Kf8 22.e5 Nh5
23.Nxh5 Bxh5 24.Bf3 Nc5 25.Be3 Red8 26.Nf2 Bg6 27.Bxc5 Bxc5 28.Ne4 Be7 29.Rg1 Qb6
30.Rg2 Qa6 31.Qf2 Qc4 32.Qe2 Qxe2 33.Rxe2 Rd3 34.Bg4 Rad8 35.Rg1 R8d5 36.Rgg2 Ra5
37.Nf2 Rd8 38.b3 Rc5 39.c4 b5 40.axb5 cxb5 41.Bxe6 fxe6 42.Rxg6 Kf7 43.Rg2 bxc4
44.Ne4 Rcc8 45.bxc4 Rxc4 46.Rg3 Rdd4 47.Rge3 a5 48.Kg3 a4 49.Kf3 a3 50.Nd6+  1/2-1/2

[Event "Regionalliga NW9798"]
[Site "Bayern"]
[Date "1997.??.??"]
[Round "?"]
[White "Assmann, Norbert"]
[Black "Neubert, Marcus"]
[Result "1/2-1/2"]
[WhiteElo "2045"]
[BlackElo "2040"]

1.Nf3 d5 2.g3 c5 3.Bg2 Nc6 4.O-O e5 5.d3 Nf6 6.Nbd2 Be7 7.e4 d4 8.Nc4 Qc7
9.a4 Bg4 10.h3 Bh5 11.g4 Bg6 12.Nh4 h5 13.Nf5 hxg4 14.hxg4 O-O-O 15.f3 Bxf5
16.gxf5 Nh5 17.f4 Nxf4 18.Bxf4 exf4 19.Qg4 Bf6 20.Qxf4 Qxf4 21.Rxf4 Ne5 22.Nxe5 Bxe5  1/2-1/2

[Event "Regionalliga SW9798"]
[Site "Bayern"]
[Date "1997.??.??"]
[Round "?"]
[White "Santl, Anton"]
[Black "Weissenburger, Josef"]
[Result "1/2-1/2"]
[WhiteElo "2110"]
[BlackElo "2010"]

1.Nf3 d5 2.g3 Nf6 3.c4 c6 4.Bg2 Bg4 5.b3 Nbd7 6.Bb2 e6 7.O-O Be7 8.d3 O-O
9.Nbd2 Qc7 10.Qc2 Rac8 11.Rfe1 dxc4 12.bxc4 Bb4 13.Rab1 Qa5 14.a3 Bxd2 15.Qxd2 Qxd2
16.Nxd2 b6 17.h3 Bh5 18.Nb3 c5 19.a4 e5 20.a5 Bg6 21.e4 Rfd8 22.Red1 Ne8
23.Ra1 f6 24.Nd2 Nb8 25.axb6 axb6 26.Nb1 Nc6 27.Nc3 Nc7 28.Nd5 Nxd5 29.exd5 Nb4
30.Be4 Ra8 31.Ra3 Rxa3 32.Bxa3 Nc2 33.Bb2 Ra8 34.Rd2 Bxe4 35.dxe4 Nd4 36.Bxd4 cxd4
37.Kf1 Rc8 38.Rc2 Rc5 39.Ke2 b5 40.Kd3  1/2-1/2

[Event "Regionalliga SW9798"]
[Site "Bayern"]
[Date "1997.??.??"]
[Round "?"]
[White "Otte, Lars"]
[Black "Reiter, Marcus"]
[Result "0-1"]
[WhiteElo "2055"]
[BlackElo "2090"]

1.Nf3 d5 2.g3 c6 3.Bg2 Bg4 4.d3 Nd7 5.Nbd2 Ngf6 6.O-O e5 7.e4 dxe4 8.dxe4 Qc7
9.h3 Bh5 10.Qe2 Be7 11.b3 Bb4 12.g4 Bc3 13.Rb1 Bg6 14.Ba3 O-O-O 15.Qe3 Bxd2
16.Nxd2 Nb6 17.Rfd1 Nfd7 18.c4 Nf8 19.c5 Nbd7 20.Nc4 Ne6 21.Bb4 Nd4 22.Rxd4 exd4
23.Qxd4 b6 24.Nd6+ Kb8 25.cxb6 axb6 26.Nb5 Nc5 27.Nxc7 Rxd4 28.Bxc5 bxc5
29.Na6+ Ka7 30.Nxc5 Kb6 31.b4 h5 32.Bf3 hxg4 33.hxg4 Rd2 34.a4 Rhd8 35.a5+ Ka7
36.Kg2 Rb8 37.Rb3 Rd4 38.e5 Rbxb4 39.Rc3 Rdc4 40.Rxc4 Rxc4 41.Nd7 Be4 42.Nf8 Bd5
43.g5 Rg4+  0-1

[Event "Regionalliga SW9798"]
[Site "Bayern"]
[Date "1997.??.??"]
[Round "?"]
[White "Muench, Klaus Norbert"]
[Black "Reiter, Marcus"]
[Result "0-1"]
[WhiteElo "2030"]
[BlackElo "2090"]

1.Nf3 d5 2.g3 Bg4 3.Bg2 c6 4.O-O Nd7 5.c4 e6 6.cxd5 exd5 7.Nc3 Ngf6 8.d3 Bd6
9.h3 Bxf3 10.Bxf3 O-O 11.Be3 Re8 12.Qd2 Qe7 13.Bf4 Ne5 14.Bg2 Nh5 15.d4 Nc4
16.Bxd6 Nxd2 17.Bxe7 Nxf1 18.Bg5 h6 19.Bc1 Nfxg3 20.fxg3 Nxg3 21.Kf2 Nf5
22.e3 Re7 23.Bd2 Rae8 24.Re1 Re6 25.Re2 Rg6 26.Ke1 Nxd4 27.Rf2 Nc2+ 28.Ke2 Rg3
29.Nd1 d4 30.Bf3 Rxh3 31.Kd3 dxe3 32.Nxe3 Nxe3 33.Bxe3 f5 34.Bxa7 g5 35.Kd4 Rh4+
36.Kc5 Rf4 37.Kd6 Ra4 38.Bc5 Rxa2 39.Bh5 Rd8+ 40.Ke7 Rd5 41.Bf7+ Kh7 42.Bxd5 cxd5
43.Kf7 f4 44.Be7 Ra6 45.Bf6 b5 46.Rd2 Ra7+ 47.Be7 f3 48.Rxd5 g4 49.Rf5 Rc7
50.Rf4 h5 51.Rf5 Kh6 52.Kf6 Rc6+ 53.Kf7 Rc7 54.Rf6+ Kg5 55.Rg6+ Kf5 56.Rf6+ Ke4
57.Re6+ Kd3 58.Rd6+ Ke2 59.Re6+ Kf1 60.Kg6 Rxe7 61.Rxe7 g3  0-1

[Event "Regionalliga SW9798"]
[Site "Bayern"]
[Date "1997.??.??"]
[Round "?"]
[White "Koller, Werner"]
[Black "Fischer, Michael"]
[Result "1/2-1/2"]
[WhiteElo "1965"]
[BlackElo "2000"]

1.Nf3 d5 2.g3 Nf6 3.Bg2 e6 4.O-O Be7 5.d3 O-O 6.Nbd2 Nc6 7.e4 dxe4 8.dxe4 e5
9.c3 Bg4 10.h3 Be6 11.Ng5 Bd7 12.Qe2 Qc8 13.Kh2 Ng4+ 14.hxg4 Bxg5 15.Bf3 Be6
16.Nc4 h6 17.Rd1 Rd8 18.Ne3 Rxd1 19.Qxd1 Bxe3 20.Bxe3 Qd8 21.Qxd8+ Rxd8 22.g5  1/2-1/2

[Event "Regionalliga SO9697"]
[Site "Bayern"]
[Date "1997.??.??"]
[Round "?"]
[White "Rosner, Gerhard"]
[Black "Juettner, Andreas"]
[Result "1/2-1/2"]
[WhiteElo "1980"]
[BlackElo "1965"]

1.Nf3 d5 2.g3 Nf6 3.Bg2 c6 4.O-O Bg4 5.d3 Nbd7 6.Qe1 e5 7.e4 dxe4 8.dxe4 Bc5
9.h3 Bh5 10.Nbd2 O-O 11.Nc4 Qc7 12.Nh4 Bg6 13.Nxg6 hxg6 14.a4 a5 15.Bd2 b6
16.Qe2 Rfe8 17.c3 Nf8 18.Rfc1 Ne6 19.Rd1 Red8 20.Be3 Bxe3 21.Nxe3 Rxd1+ 22.Rxd1 Nc5
23.Qc2 Nfd7 24.h4 Nf8 25.Rd2 Nfe6 26.Bf1 Rd8 27.Rxd8+ Qxd8 28.b4 axb4 29.cxb4 Nd4
30.Qa2 Nxe4 31.a5 bxa5 32.bxa5 Nc3 33.Qa1 Ncb5 34.a6 Qe7 35.Qa5 Qc7 36.Qa2 Nf3+
37.Kg2 Nfd4 38.Bc4 Qa7 39.Ng4 Qc7 40.Qa1 Kh7 41.Bxb5 Nxb5 42.Nxe5 f6 43.Nf3 Qa7
44.Qa4 Nc7 45.Qxc6 Nxa6 46.Qc2 Qc5 47.Qd3 Nb4 48.Qe4 Na6 49.g4 Qb4 50.Qxb4  1/2-1/2

[Event "Regionalliga SW9697"]
[Site "Bayern"]
[Date "1997.??.??"]
[Round "?"]
[White "Santl, Anton"]
[Black "Habermann, Jochen"]
[Result "1/2-1/2"]
[WhiteElo "2085"]
[BlackElo "1985"]

1.Nf3 d5 2.g3 Nf6 3.c4 c6 4.Bg2 Nbd7 5.cxd5 cxd5 6.Qa4 g6 7.b4 Bg7 8.Bb2 O-O
9.d3 Re8 10.O-O e5 11.e3 Re7 12.Nbd2 Ne8 13.Qb3 Nf8 14.Rac1 f6 15.Rc5 Be6
16.Qc2 Rc7 17.Rxc7 Nxc7 18.Rc1 Rc8 19.Qa4 Na6 20.a3 Rxc1+ 21.Bxc1 Qc7 22.Bb2 Nd7
23.Ne1 Bh6 24.Nb3 Kf7 25.Na5 Nab8 26.Qd1 b6 27.Nb3 Ke7 28.a4 Qc6 29.b5 Qc7
30.Qa1 Bf8 31.Ba3+ Ke8 32.Bxf8 Kxf8 33.Qb2 Kf7  1/2-1/2

[Event "Regionalliga SO9798"]
[Site "Bayern"]
[Date "1997.??.??"]
[Round "?"]
[White "Zenker, Ulrich"]
[Black "Nikolac, Juraj"]
[Result "0-1"]
[WhiteElo "2190"]
[BlackElo "2515"]

1.Nf3 d5 2.g3 c6 3.Bg2 Bg4 4.O-O Nd7 5.d3 e5 6.Nbd2 Ngf6 7.e4 dxe4 8.dxe4 Bc5
9.Qe1 O-O 10.h3 Bh5 11.Nc4 Re8 12.Nh4 Qc7 13.Nf5 b5 14.Nce3 Bf8 15.g4 Bg6
16.Ng3 Nc5 17.f3 Ne6 18.h4 h5 19.gxh5 Nxh5 20.Nxh5 Bxh5 21.Bh3 Nf4 22.Bg4 g6
23.Kh1 Bc5 24.Bxh5 Nxh5 25.Ng4 Kh7 26.Be3 Bxe3 27.Qxe3 Qe7 28.Qg5 Qxg5 29.hxg5 Ng3+
30.Kg1 Nxf1 31.Nf6+ Kg7 32.Nxe8+ Rxe8 33.Kxf1 Rh8 34.Rd1 Rh2 35.c4 Rxb2 36.cxb5 cxb5
37.Rd5 a6 38.a4 b4 39.Ra5 b3 40.Rxa6 Rc2  0-1

[Event "Regionalliga NW9798"]
[Site "Bayern"]
[Date "1997.??.??"]
[Round "?"]
[White "Wittstock, Bjoern"]
[Black "Poppe, Heiko"]
[Result "0-1"]
[WhiteElo "1670"]
[BlackElo "1920"]

1.Nf3 d5 2.g3 Nf6 3.Bg2 g6 4.O-O Bg7 5.d3 O-O 6.c3 Nc6 7.Qc2 e5 8.e4 Be6
9.Na3 h6 10.Nh4 g5 11.Nf5 Bxf5 12.exf5 Qd7 13.f4 exf4 14.gxf4 g4 15.Qb3 Rab8
16.Nc2 Ne7 17.Be3 b6 18.Bf2 Nxf5 19.Ne3 Rbd8 20.d4 Rfe8 21.Rae1 Nxe3 22.Rxe3 Rxe3
23.Bxe3 Qf5 24.Qd1 Re8 25.Re1 h5 26.Bd2 Rxe1+ 27.Qxe1 Ne4 28.Bxe4 dxe4 29.Be3 Qb5
30.Qd2 Qd5 31.a3 f5 32.Kg2 Kf7 33.Qc2 b5 34.b4 Qc4 35.Kf2 a6 36.Kg2 Bf6 37.Bf2 Ke6
38.Kg1 Kd6 39.Kg2 Kd5 40.Kg1 Kd6 41.Kg2 h4 42.Be3 Qd3 43.Qd2 h3+ 44.Kg3 Qxd2
45.Bxd2 Kd5 46.Kf2 Kc4 47.Kf1 Bh4 48.Ke2 g3  0-1

[Event "Regionalliga NW9798"]
[Site "Bayern"]
[Date "1997.??.??"]
[Round "?"]
[White "Wittstock, Bjoern"]
[Black "Neubauer, Jaroslaus"]
[Result "0-1"]
[WhiteElo "1695"]
[BlackElo "1955"]

1.Nf3 d5 2.g3 Nf6 3.Bg2 e6 4.O-O Be7 5.d3 O-O 6.Nbd2 c5 7.e4 Nc6 8.Qe2 b6
9.c3 Ba6 10.Rd1 Qc7 11.h4 Rad8 12.Nh2 Ne5 13.exd5 Bxd3 14.Qe3 Nxd5 15.Bxd5 Rxd5
16.Nhf3 Ng4 17.Qf4 Qxf4 18.gxf4 Rfd8 19.Kg2 c4 20.Kg3 h5 21.Nd4 Nh6 22.Re1 Rxd4
23.cxd4 Nf5+ 24.Kg2 Nxd4 25.Rh1 Nf5 26.Nf1 Nxh4+ 27.Kg3 Nf5+ 28.Kh3 Be4 29.Rg1 Rd3+
30.Ng3 h4 31.Kh2 hxg3+ 32.fxg3 Bc5 33.Re1 Nxg3 34.f5 Bf2 35.Bf4 Bxf5 36.Red1 Ne2
37.Rxd3 cxd3 38.Bd2 Bg3+ 39.Kg2 Be4+ 40.Kf1 f5 41.a4 Nd4 42.Rc1 Nc2 43.b4 Bd6
44.a5 b5 45.Rb1 a6 46.Kf2 Na3 47.Rg1 Be5  0-1

[Event "Regionalliga SO9798"]
[Site "Bayern"]
[Date "1997.??.??"]
[Round "?"]
[White "Maier, Josef"]
[Black "Hamberger, Robert"]
[Result "1-0"]
[WhiteElo "2030"]
[BlackElo "1870"]

1.Nf3 d5 2.g3 Bg4 3.Bg2 Nf6 4.O-O Nbd7 5.d4 e6 6.Nbd2 Bd6 7.c4 c6 8.b3 O-O
9.Bb2 Rc8 10.Rc1 Re8 11.Ne5 Bh5 12.h3 Bb8 13.f4 Nxe5 14.dxe5 Nd7 15.Nf3 Nc5
16.Nd4 f6 17.cxd5 cxd5 18.exf6 Qxf6 19.Qd2 Qe7 20.Qe3 Bf7 21.Nf3 Ne4 22.Ne5 Rxc1
23.Rxc1 Nf6 24.Kh2 a6 25.Bd4 Bh5 26.Bc5 Bd6 27.g4 Bf7 28.Bxd6 Qxd6 29.Qc5 Qe7
30.Qc7 Kf8 31.g5 Nh5 32.Nd7+ Kg8 33.e3 Qb4 34.Ne5 Rf8 35.Nxf7 Rxf7 36.Qc8+ Rf8
37.Qxe6+  1-0

[Event "Regionalliga SO9798"]
[Site "Bayern"]
[Date "1997.??.??"]
[Round "?"]
[White "Maier, Josef"]
[Black "Klein, Josef"]
[Result "0-1"]
[WhiteElo "2030"]
[BlackElo "2065"]

1.Nf3 d5 2.g3 Nf6 3.Bg2 g6 4.O-O Bg7 5.c4 O-O 6.cxd5 Nxd5 7.Nc3 c6 8.d4 Nb6
9.Qc2 Bg4 10.Rd1 Bxf3 11.Bxf3 e6 12.e4 Na6 13.Ne2 Rc8 14.Qb3 Qe7 15.a4 Rfd8
16.a5 Na8 17.Ra4 Rd7 18.h4 h6 19.Be3 Rcd8 20.Rc4 Kh7 21.Nc3 Qf6 22.Kg2 Qe7
23.g4 c5 24.d5 b6 25.Ra4 Nb4 26.Raa1 Nc7 27.axb6 axb6 28.g5 h5 29.Bf4 exd5
30.Nxd5 Ncxd5 31.exd5 Bd4 32.Re1 Qf8 33.d6 Re8 34.Bg3 Kg7 35.Rxe8 Qxe8 36.Ra8 Qe1
37.Qa4 Rxd6 38.Qa7 Bxf2 39.Bxd6 Qg1+ 40.Kh3 Qf1+ 41.Kh2 Bg1+ 42.Kh1 Bd4+
43.Kh2 Qxf3 44.Qb8 Qf2+ 45.Kh3 Qf1+ 46.Kg3 Qg1+ 47.Kh3 Qg4+ 48.Kh2 Qxh4+
49.Kg2 Qg4+ 50.Bg3 Qe2+ 51.Kh1 Qf1+ 52.Kh2 Bg1+ 53.Kh1 Bf2+ 54.Kh2 Qg1+ 55.Kh3 Qh1+  0-1

[Event "Regionalliga SO9697"]
[Site "Bayern"]
[Date "1997.??.??"]
[Round "?"]
[White "Guttenthaler, Franz"]
[Black "Gil, Arthur"]
[Result "1/2-1/2"]
[WhiteElo "1700"]
[BlackElo "1890"]

1.Nf3 d5 2.g3 Nf6 3.Bg2 c6 4.d3 g6 5.O-O Bg7 6.Nc3 O-O 7.e4 Bg4 8.h3 Bd7
9.Re1 Na6 10.exd5 cxd5 11.Ne5 Bc6 12.d4 Rc8 13.Qe2 Nb8 14.Nd1 Ne4 15.c3 f5
16.Kh2 Nd7 17.Nxc6 bxc6 18.f3 Nef6 19.Qxe7 Qb6 20.Qe2 Rce8 21.Qf2 Nh5 22.b3 Qc7
23.f4 Nhf6 24.Ba3 c5 25.Rxe8 Rxe8 26.Bxc5 Ne4 27.Bxe4 Rxe4 28.b4 Qc6 29.Ne3 Qe6
30.Re1 a5 31.a3 axb4 32.axb4 h5 33.Ng2 Nf6 34.Rxe4 Nxe4 35.Qf3 Bf6 36.h4 Qa6
37.Qe3 Bd8 38.Ne1 Qf1 39.Nf3 Bf6 40.Nd2 Qc1 41.b5 Kf7 42.b6 Nxd2 43.Qe2 Qb2
44.Qg2 Nf3+ 45.Kh3 Qxc3 46.b7 Qb3 47.b8=Q Qxb8 48.Qxf3 Qb7 49.Kg2 Qd7 50.Qa3 Qe6
51.Kf2 Qe4 52.Qa7+ Be7 53.Qxe7+ Qxe7 54.Bxe7 Kxe7 55.Ke3 Kd6 56.Kd3 Kc6 57.Kc3 Kb5
58.Kb3 Ka5 59.Ka3  1/2-1/2

[Event "Regionalliga SO9697"]
[Site "Bayern"]
[Date "1997.??.??"]
[Round "?"]
[White "Muharemagic, Asim"]
[Black "Pronold, Herbert"]
[Result "0-1"]
[WhiteElo "2120"]
[BlackElo "2080"]

1.Nf3 d5 2.g3 Nf6 3.Bg2 e6 4.O-O Be7 5.d3 Nbd7 6.Nbd2 c6 7.e4 Qc7 8.Re1 dxe4
9.dxe4 e5 10.b3 O-O 11.Bb2 Bc5 12.h3 Re8 13.Qe2 a5 14.a4 b6 15.Rad1 Ba6 16.c4 Bb4
17.Qe3 Nc5 18.Bc3 Bxc3 19.Qxc3 Rad8 20.Qc2 Rd7 21.Re3 Red8 22.Rde1 Ne6 23.Bf1 Bb7
24.Rd3 Rxd3 25.Bxd3 Qd6 26.Re3 Nd7 27.Be2 Ndc5 28.Nf1 Nd4 29.Qb2 f6 30.Ne1 Bc8
31.Kh2 g6 32.g4 Nce6 33.Ng3 Nf4 34.Bf1 Kg7 35.Nf3 Nxf3+ 36.Rxf3 Qd1 37.Be2 Qe1
38.Qc3 Rd2 39.Qe3 c5 40.Bf1 Qxe3 41.Rxe3 Rxf2+ 42.Kg1 Rd2 43.Ne2 Nxe2+ 44.Bxe2 Bb7
45.Kf2 Rd4 46.Bd3 Kh6 47.Kg3 Kg5 48.h4+ Kh6 49.Kh3 Kg7 50.g5 Bc8+ 51.Kg2 h6
52.gxf6+ Kxf6 53.Be2 Bb7 54.Bf3 g5 55.Kg3 Bc8 56.hxg5+ Kxg5 57.Kf2 Kf4 58.Be2 Rxe4
59.Rf3+ Kg5 60.Rg3+ Bg4 61.Bxg4 Rxg4 62.Rd3 Rd4 63.Rg3+ Kf5 64.Rh3 Rd6 65.Rh5+ Ke4
66.Ke2 Kd4 67.Rh4+ e4 68.Rh3 Rf6 69.Rh5 Re6 70.Rh3  0-1

[Event "Landesliga Nord9798"]
[Site "Bayern"]
[Date "1997.??.??"]
[Round "?"]
[White "Kaplanski, Michael"]
[Black "Kreuzer, Helmut"]
[Result "0-1"]
[WhiteElo "2020"]
[BlackElo "2080"]

1.Nf3 d5 2.g3 Nf6 3.Bg2 c6 4.d3 Bg4 5.h3 Bh5 6.Nbd2 Nbd7 7.c4 e6 8.a3 a5
9.O-O Bc5 10.d4 Bd6 11.cxd5 cxd5 12.Re1 O-O 13.e4 dxe4 14.Nxe4 Nxe4 15.Rxe4 Qb6
16.Re2 Nf6 17.g4 Bg6 18.Ne5 Rfd8 19.Nxg6 hxg6 20.Be3 Be7 21.Rc1 Nd5 22.Qd3 Rd7
23.Rec2 Rad8 24.Qe2 Bf6 25.Rd1 Rc7 26.Rxc7 Qxc7 27.Rc1 Qb6 28.Rc5 Nxe3 29.fxe3 Rxd4
30.Rb5 Rd1+ 31.Qxd1 Qxb5 32.b3 Qc5 33.Qd3 Qc1+ 34.Bf1 Bg5 35.e4 Qxa3 36.Qb5 Be3+
37.Kg2 Qb2+ 38.Be2 Qc1 39.Bf1 Qc2+ 40.Be2 Qb1 41.e5 Qg1+ 42.Kf3 Qf2+ 43.Ke4 Qf4+
44.Kd3 Qd4+  0-1

[Event "Landesliga Sued9798"]
[Site "Bayern"]
[Date "1997.??.??"]
[Round "?"]
[White "Kempter, Ronald"]
[Black "Fischer, Johann2"]
[Result "1/2-1/2"]
[WhiteElo "2170"]
[BlackElo "2255"]

1.Nf3 d5 2.g3 Nf6 3.Bg2 Bf5 4.O-O e6 5.d4 Be7 6.c4 c6 7.Nc3 Nbd7 8.h3 h6
9.Nd2 O-O 10.e4 dxe4 11.Ndxe4 Nxe4 12.Nxe4 Nf6 13.Nc3 Qb6 14.Qb3 Qxb3 15.axb3 Bc2
16.d5 cxd5 17.cxd5 Bxb3 18.dxe6 Bxe6 19.Be3 a5 20.Bxb7 Rab8 21.Bg2 Rxb2 22.Na4 Rc2
23.Rfd1 Nd7 24.Nb6 Nxb6 25.Bxb6 Bc5 26.Be4 Rc4 27.Bxc5 Rxc5 28.Rd6 Bb3 29.Ra6 a4
30.Bc6 Rc8 31.Bxa4 Rc1+ 32.Rxc1 Rxc1+ 33.Kh2 Bd5 34.g4 Rh1+ 35.Kg3 g5 36.Bc6 Rg1+
37.Kh2 Rg2+ 38.Kh1 Bxc6 39.Rxc6 Rxf2 40.Rxh6 f6  1/2-1/2

[Event "Oberliga Bayern9697"]
[Site "Bayern"]
[Date "1997.??.??"]
[Round "?"]
[White "Hochreiter, Josef"]
[Black "Leusch, Gernot"]
[Result "1-0"]
[WhiteElo "2270"]
[BlackElo "2125"]

1.Nf3 d5 2.g3 g6 3.Bg2 Bg7 4.d3 Nf6 5.O-O O-O 6.c4 c6 7.Qb3 Qb6 8.Be3 Qxb3
9.axb3 Na6 10.h3 dxc4 11.bxc4 Nd7 12.Nc3 Re8 13.Nd2 e5 14.Nde4 Bf8 15.f4 f5
16.Ng5 exf4 17.Bxf4 Bc5+ 18.Kh2 Nb4 19.Rad1 Bd4 20.Nf3 Be3 21.Bd6 Bc5 22.Bf4 Be3
23.Bxe3 Rxe3 24.d4 a5 25.Rd2 a4 26.Nd1 Re8 27.d5 Nc5 28.dxc6 bxc6 29.Nd4 Bb7
30.Nf2 Rad8 31.Rfd1 Ra8 32.Nf3 a3 33.bxa3 Rxa3 34.Rb2 Rb3 35.Rxb3 Nxb3 36.Rb1 Re3
37.Nd1 Rxe2 38.Rxb3 c5 39.Re3 Bxf3 40.Rxf3 Rc2 41.Ne3 Rc3 42.Nd5 Rxf3 43.Bxf3 Nd3
44.Nf4 Ne5 45.Bd5+ Kh8 46.Kg2 h6 47.Kf2 g5 48.Ne6 Nd7 49.Bc6 Ne5 50.Bb5 Kh7
51.Nxc5 Kg6 52.Ke3 Kf7 53.Nd3 Ng6 54.Kd4 Ke7 55.c5 h5 56.Ne5 Nf8 57.Bc4  1-0

[Event "Oberliga Bayern9697"]
[Site "Bayern"]
[Date "1997.??.??"]
[Round "?"]
[White "Dengler, Peter"]
[Black "Olbrich, Marina"]
[Result "1/2-1/2"]
[WhiteElo "2265"]
[BlackElo "2310"]

1.Nf3 d5 2.g3 c6 3.Bg2 Nf6 4.O-O Bg4 5.c4 e6 6.d3 Nbd7 7.Be3 dxc4 8.dxc4 Qc7
9.Nc3 Be7 10.a3 a5 11.b4 axb4 12.axb4 Rxa1 13.Qxa1 Bxb4 14.Rb1 Bxc3 15.Qxc3 Bxf3
16.Bxf3 O-O 17.Qb4 b5 18.cxb5 cxb5 19.Qxb5 Rb8 20.Bb7 Ne8 21.Ba7 Rd8 22.Qc6 Qxc6
23.Bxc6 Ne5 24.Bg2 h6 25.f4 Nc4 26.Rc1 Ned6 27.Bd4 Nd2 28.Rc2 N2e4 29.Bf3 Nf5
30.Bb6 Rd1+ 31.Kg2 Nfd6 32.Ra2 f5 33.Ra7 Nc4 34.Bg1 Kh7 35.Re7 Rd6 36.Ba7 Kg6
37.Bxe4 fxe4 38.Rc7 Na5 39.Bc5 Rc6 40.Rxc6 Nxc6 41.Kf2 h5 42.Bf8 Kf7 43.Ba3 Na5
44.h3 Nc4 45.Bb4 e5 46.fxe5 Ke6 47.Bc3 g6 48.Ba1  1/2-1/2

[Event "Oberliga Bayern9697"]
[Site "Bayern"]
[Date "1997.??.??"]
[Round "?"]
[White "Golda, Harald"]
[Black "Olbrich, Marina"]
[Result "1/2-1/2"]
[WhiteElo "2330"]
[BlackElo "2310"]

1.Nf3 d5 2.g3 c6 3.Bg2 Nf6 4.b3 Bf5 5.O-O Nbd7 6.Bb2 e6 7.d3 Bc5 8.Nbd2 O-O
9.Qe1 Qe7 10.e4 dxe4 11.dxe4 Bg6 12.Nh4 e5 13.Nxg6 hxg6 14.Rd1 b5 15.Nf3 Rfd8
16.Bh3 Bd6 17.Bxd7 Nxd7 18.Qe2 a5 19.Rd2 f6 20.Rfd1 Nf8 21.a4 Rab8 22.Bc3 Bc7
23.axb5 cxb5 24.Rd5 Rxd5 25.Rxd5 Qe8 26.Bd2 Qc6 27.Be3 Bd6 28.Nd2 Bb4 29.c4 Bxd2
30.Bxd2 bxc4 31.Qxc4 Qxc4 32.bxc4 Rc8 33.Rxa5 Rxc4 34.Ra8 Rxe4 35.Rb8 Kf7
36.Rb7+ Kg8 37.Rb8 Kf7 38.Rb7+  1/2-1/2

[Event "LIB-ch"]
[Site "Beirut"]
[Date "1997.??.??"]
[Round "2"]
[White "Barakat, Rafic"]
[Black "Najjar, Ahmad"]
[Result "0-1"]
[WhiteElo "2175"]
[BlackElo "2230"]

1.Nf3 d5 2.g3 Nf6 3.d4 c6 4.Bg2 Bf5 5.O-O e6 6.Re1 Bd6 7.c4 Nbd7 8.cxd5 exd5
9.e4 Bxe4 10.Ng5 O-O 11.Nxe4 Nxe4 12.Bxe4 dxe4 13.Rxe4 Qb6 14.Nc3 Rae8 15.Rb1 Nf6
16.Rh4 Re6 17.Be3 Qa5 18.b4 Bxb4 19.Rxb4 Qxb4 20.d5 Qxc3 21.dxe6 fxe6 22.Bxa7 Qa5
23.Ra4 Qd5 24.Qe2 e5 25.Bb6 c5 26.Qc2 Nd7 27.Rh4 Nxb6 28.Qxh7+ Kf7 29.Qf5+ Ke7
30.Qg5+ Kd7 31.Qxg7+ Rf7 32.Qg4+ Kc7 33.Qe2 Nd7 34.Rh6 e4 35.Rh4 Re7 36.Rh5 Ne5
37.Rh6 Nf3+ 38.Kg2 e3 39.Kf1 Nd2+ 40.Kg1 exf2+ 41.Qxf2 Re1+ 42.Qxe1 Nf3+  0-1

[Event "Benasque op"]
[Site "Benasque"]
[Date "1997.??.??"]
[Round "4"]
[White "Ubilava, Elizbar"]
[Black "Westerinen, Heikki MJ"]
[Result "1/2-1/2"]
[WhiteElo "2530"]
[BlackElo "2425"]

1.Nf3 d5 2.g3 Nc6 3.d4 Bf5 4.Bg2 e6 5.O-O Nb4 6.Na3 Nf6 7.c4 c6 8.Ne5 Be7
9.c5 Nd7 10.Qb3 a5 11.Nxd7 Qxd7 12.Bd2 O-O 13.Rfc1 b6 14.cxb6 Rfb8 15.Nb1 Rxb6
16.Nc3 Rbb8 17.Qd1 c5 18.dxc5 Bxc5 19.Na4 Bf8 20.Bf4 Bc2 21.Rxc2 Qxa4 22.Rd2 Qxd1+
23.Raxd1 Rb5 24.e4 dxe4 25.Bxe4 Nd5 26.Bxd5 exd5 27.Rxd5 Rxb2 28.Rd8 Rxd8
29.Rxd8 Rb6 30.Bd2 Ra6 31.Rd5 a4 32.Rd8 Rd6 33.Rxd6 Bxd6 34.Kf1 f5 35.Ke2 Kf7
36.Kd3 Bc5 37.Be3 Bxe3 38.Kxe3 Ke6 39.Kd4 f4 40.g4 g5 41.a3 Kd6 42.f3 Kc6
43.Kc4 Kd6 44.h3 Kc6  1/2-1/2